000 00410nam a2200169Ia 4500
008 230524s9999 xx 000 0 und d
020 _a8188429171
082 _a621.3129
_bJAI
100 _aR.Jaishri
_96268
245 0 _aElectrical Power Delevery System
250 _a1ST
260 _aNEW DELHI
_bScitech
_c2003
300 _aXV;278
500 _aQuantity Number: 1
650 _aElectrical
942 _cBK
999 _c8784
_d8784